UBT Library

HUMAN NEUROANATOMY (Record no. 58354)

000 -LEADER
fixed length control field 00292nam a22001337a 4500
008 - FIXED-LENGTH DATA ELEMENTS--GENERAL INFORMATION
fixed length control field 221005b ||||| |||| 00| 0 eng d
041 ## - LANGUAGE CODE
Language code of text/sound track or separate title eng
080 ## - UNIVERSAL DECIMAL CLASSIFICATION NUMBER
Edition identifier fifth edition
Universal Decimal Classification number 611
082 ## - DEWEY DECIMAL CLASSIFICATION NUMBER
Classification number 611
100 ## - Rafti
Rafti 10
101 ## - Shkurtesa
Shkurtesa ANA
245 ## - TITLE STATEMENT
Title HUMAN NEUROANATOMY
Statement of responsibility, etc TRUEX.C.R
942 ## - ADDED ENTRY ELEMENTS (KOHA)
Source of classification or shelving scheme
Item type Books
Holdings
Withdrawn status Lost status Source of classification or shelving scheme Damaged status Not for loan Collection code Permanent location Current location Date acquired Total Checkouts Full call number Barcode Date last seen Price effective from Koha item type
          Koleksioni i përgjithshem UBT - Lipjan UBT - Lipjan 10/05/2022   611 TRU 002-80002870010 10/05/2022 10/05/2022 Books
UBT Library © 2015-2024. All rights reserved University Education for Business and Technology